LEADER 00725nam a2200193 i 4500 001 000000256615 003 CaOOAMICUS 005 20171211000000.0 008 171211s1863 it u000 u ita u 013 $a235523 040 $aSeMil$bita 245 10$a2. 300 $a837 p., [20] c. di tav. :$bill. 650 4$aSavoia - Storia - Sec. 10.-20.$0(OLS)http://semarc/subject/14945 773 0 $aCorelli, Pietro$tStella d'Italia, o Nove secoli di casa Savoia.$dMilano : Presso Alessandro Ripamonti, 1860-1863.$g2$w()31852 850 $aSeMil 852 $aSeMil$W1$xVenegono$y1$m3S VI 39 FA$j206961$B206961$CSeMilBibl$Z2$F220358 $8I 961 $aOmaggio: Ronchetti Maria 996 $6245$a2$9(OLS)http://semarc/title/46889 LEADER 00956nam a2200253 i 4500 001 000000200507 003 CaOOAMICUS 005 20141028000000.0 008 141028s1941 it u000 u ita u 013 $a179207 040 $aSeMil$bita 100 1 $aMillot, J.$0(OLS)http://semarc/name/72474 245 13$aLa mia meta /$cJ. Millot ; riduzione italiana a cura di Gianna De Gani Castellini. 260 $aGenova :$bÀncora,$c1941. 300 $a260 p. ;$c16 cm. 500 $aFondo card. Giovanni Colombo. 650 4$aVocazione sacerdotale.$0(OLS)http://semarc/subject/46 700 1 $aDe Gani Castellini, Gianna.$0(OLS)http://semarc/name/43660 850 $aSeMil 852 $aSeMil$W1$xVenegono$y1$m3GC I 206$j151036$B151036$CSeMilBibl$Z2$F162338 $8B 941 1 $a3 961 $aLascito: Colombo Card. Giovanni 996 $6245$aLa mia meta$9(OLS)http://semarc/title/289953 996 $6260$aGenova :$bÀncora$9(OLS)http://semarc/publisher/49862